000 00580nam a22001817a 4500
999 _c171541
_d171541
005 20200115115355.0
010 _aENG-127425
020 _a9789389552935
_c800.00
035 _aEN-110957
037 _bDBAD/PUB
082 _a005.133
100 _aOverland,Brian
245 _aSupercharged Python/
_cby Brian Overland[and]John Bennett
260 _aNOIDA
_bPearson India Education Services
_c2019
270 _a15th floor,Tower-B,World Trade Tower,Plot No.1,Block-C,sector 16
_bNOIDA
_e201301
300 _a633p.
_c22cm(pbk)
942 _2ddc
_cEN
_h005.133
_mOVE